Tratado de la prelación de créditos

I tiakina i:
Ngā taipitopito rārangi puna kōrero
Kaituhi matua: Larraín Ríos, Hernán (autor)
Hōputu: Pukapuka
Reo:Pāniora
I whakaputaina: Santiago Distribuidora Forense 1998
Ngā marau:
Ngā Tūtohu: Tāpirihia he Tūtohu
Kāore He Tūtohu, Me noho koe te mea tuatahi ki te tūtohu i tēnei pūkete!

MARC

LEADER 00000nam a2200000 a 4500
001 UCP3505
003 CL-VaPUC
008 990625e19980000CL |||||||||||||||||spa|d
082 0 4 |a 346.073  |b LAR  |2 21 
100 |a Larraín Ríos, Hernán  |e autor  |9 587673 
245 1 0 |a Tratado de la prelación de créditos 
300 |a v 
942 |c BK 
945 |d 19990625 00:00:00  |a vberengu 
260 |a Santiago  |b Distribuidora Forense  |c 1998 
650 0 |a Código civil  |9 256135 
650 7 |a COSTAS JUDICIALES  |2 CL-VaPUC  |9 399662 
650 7 |a CONTRATO HIPOTECARIO  |2 CL-VaPUC  |9 396011 
650 7 |a HIPOTECA NAVAL  |2 CL-VaPUC  |9 430743 
650 7 |a HIPOTECA MINERA  |2 CL-VaPUC  |9 430853 
650 0 |a Derecho marítimo  |9 255301 
650 0 |a Derecho aéreo  |9 260765 
650 0 |a Aprovechamiento de aguas  |9 368432 
583 |a last modification  |c 20161003 12:17:28  |k Rodrigo Vera 
999 |c 281818  |d 281816 
952 |0 0  |1 0  |4 0  |6 346_073000000000000_LAR_1998  |7 0  |8 A  |9 322813  |a BIBDER  |b BIBDER  |d 2019-11-20  |h v.1  |i 3519201  |o 346.073 LAR 1998  |p 3519201  |r 2023-01-25  |w 2019-11-20  |y BK  |k DER 
952 |0 0  |1 0  |4 0  |6 346_073000000000000_LAR_1998  |7 0  |8 A  |9 322814  |a BIBDER  |b BIBDER  |d 2019-11-20  |h v.2  |i 351921K  |o 346.073 LAR 1998  |p 351921K  |r 2023-01-25  |w 2019-11-20  |y BK  |k DER